Lica otputovala, lica umrla /
| Hlavní autor: | Choma, Branislav, 1924-2007 |
|---|---|
| Jazyk: | Chorvatština |
| Vydáno: |
Zagreb : Zora, 1963 |
| Fyzický popis: |
282 s. |
| LEADER | 00549nam a22001932a 4500 | ||
|---|---|---|---|
| 001 | 001351932 | ||
| 003 | CZ BrMZK | ||
| 005 | 20131206134437.0 | ||
| 007 | ta | ||
| 008 | 131206s1963 ci er|||||||||||hrv d | ||
| 040 | |a BOA001 |b cze | ||
| 100 | 1 | |a Choma, Branislav, |d 1924-2007 |7 ola2002150728 |4 aut | |
| 245 | 1 | 0 | |a Lica otputovala, lica umrla / |c Branko Belan |
| 260 | |a Zagreb : |b Zora, |c 1963 | ||
| 300 | |a 282 s. | ||
| 910 | |a BOA001 |b 2-0533.506 | ||
| 990 | |a BK | ||
| 991 | |b 201312 | ||
| 996 | 7 | |b 2619036216 |c 2-0533.506 |l HP2 |r DEN |n 0 |w 001386760 |u 000010 |a 1 |e BOA001 |j MZK50 |s A | |
English
Čeština 